Central Library OPAC University of Rajshahi

Computer communication of Bangla text / (Record no. 77538)

MARC details
000 -LEADER
fixed length control field 01041nam a2200265 a 4500
001 - CONTROL NUMBER
control field 77538
003 - CONTROL NUMBER IDENTIFIER
rucl marc code BD-RjUL
005 - DATE AND TIME OF LATEST TRANSACTION
control field 20211209083001.0
008 - FIXED-LENGTH DATA ELEMENTS--GENERAL INFORMATION
fixed length control field 201117s1991 bg a|||| |||| 00| 0 eng d
035 ## - SYSTEM CONTROL NUMBER
System control number (BD-RjUL)77763
040 ## - CATALOGING SOURCE
Original cataloging agency BD-RjUL
Language of cataloging eng
Transcribing agency BD-RjUL
041 ## - LANGUAGE CODE
Language code of text/sound track or separate title eng
082 ## - DEWEY DECIMAL CLASSIFICATION NUMBER
Edition number 23
Classification number 006.35
Author mark and year AIC 1991
100 ## - MAIN ENTRY--PERSONAL NAME
Personal name Aidelkhani, Jabbar
9 (RLIN) 241964
245 10 - TITLE STATEMENT
Title Computer communication of Bangla text /
Statement of responsibility, etc. by Jabbar Aidelkhani;
Linkage Supervisor: Ramesh Chandra (R. C. ) Dabnath
260 ## - PUBLICATION, DISTRIBUTION, ETC. (IMPRINT)
Place of publication, distribution, etc. Rajshahi :
Name of publisher, distributor, etc. Dept. of Applied Physics and Electronics, R. U. ,
Date of publication, distribution, etc. 1991
300 ## - PHYSICAL DESCRIPTION
Pagination [10],113 leaves :
Illustrations ill,
Size 29 cm.
502 ## - DISSERTATION NOTE
Dissertation note Thesis (Ph. D.) -- Dept. of Applied Physics and Electronics, R. U. , 1991
504 ## - BIBLIOGRAPHY, ETC. NOTE
Bibliography, etc References: Leaves 110-113
650 ## - SUBJECT ADDED ENTRY--TOPICAL TERM
Topical term or geographic name as entry element Computational Linguistics
9 (RLIN) 241969
Topical term or geographic name as entry element Artificial Intelligence
9 (RLIN) 241970
Topical term or geographic name as entry element Natural language processing (Computer science)
9 (RLIN) 241971
700 ## - ADDED ENTRY--PERSONAL NAME
Personal name Dabnath, Ramesh Chandra (R. C. ), Supervisor
942 ## - ADDED ENTRY ELEMENTS (KOHA)
Source of classification or shelving scheme Dewey Decimal Classification
Koha item type Theses
Holdings
Lost status Source of classification or shelving scheme Damaged status Not for loan Collection code Permanent Location Current Location Shelving location Date acquired Source of acquisition Total Checkouts Full call number Date last seen Copy number Koha item type
  Dewey Decimal Classification   Not For Loan Theses Central Library, University of Rajshahi Central Library, University of Rajshahi Documentation Section 09/12/2021 Controller of Exam., R.U.   THE 006.35 AIC 1991 17/11/2020 C-1 Theses